| 000 | 01356nam a22003137a 4500 | ||
|---|---|---|---|
| 001 | 000158168 | ||
| 003 | AM-YeHGA | ||
| 005 | 20250617123220.0 | ||
| 008 | 000305s1982 ru ||||| |||| 00| 0 rus d | ||
| 040 | _aAM-YeHGA | ||
| 041 | 1 |
_arus _heng |
|
| 245 | 0 | 0 |
_aПрограммирование микропроцессоров : _bПер. с нем. / _c[Авт. В. Фрибель, Х. Ролоф и др.] ; Пер. В.М. Горелкина ; Под ред. В.В. Сташина. |
| 260 |
_aМосква : _bЭнергоиздат , _c1982. |
||
| 300 |
_a88 с. ; _c20 см. |
||
| 440 | 0 |
_aБиблиотека по автоматике _vВып. 622 |
|
| 504 | _aБиблиогр. 24 назв. | ||
| 534 |
_pОригинал на англ. : _tProgrammierung von Mikroprozessoren / _aWolfgang Friebel, Helmut Roloff, Helmut Schiller, Harold Vogt - _cBerlin, 1978 |
||
| 650 | 1 | 4 | _aМикропроцессоры - Программирование |
| 650 | 1 | 4 | _aЭВМ |
| 653 | 2 | _aмикропроцессоры | |
| 653 | 2 | _aпрограммирование | |
| 700 | 1 | _aРолоф, Хельмут | |
| 700 | 1 | _aШиллер, Хельмут | |
| 700 | 1 | _aФогт, Харольд | |
| 700 | 1 | _aГорелик, В.М. | |
| 700 | 1 |
_aСташин, Владислав Викторович _eред. _4edt |
|
| 942 |
_2udc _cBK |
||
| 090 | _c54835 | ||
| 999 |
_c53987 _d53987 |
||